Agrarian relations and early British rule in India: a case study of ceded and conquered provinces (Uttar Pradesh), (1801- 1833) (Record no. 367248)

000 -LEADER
fixed length control field 00480cam a22001337a 4500
008 - FIXED-LENGTH DATA ELEMENTS--GENERAL INFORMATION
fixed length control field 180718b1963 xxu||||| |||| 00| 0 eng d
082 ## - DEWEY DECIMAL CLASSIFICATION NUMBER
Classification number Y15x5421 G959
100 ## - MAIN ENTRY--PERSONAL NAME
Personal name Gupta, Sulekh Chandra
245 ## - TITLE STATEMENT
Title Agrarian relations and early British rule in India: a case study of ceded and conquered provinces (Uttar Pradesh), (1801- 1833)
Statement of responsibility, etc. by Sulekh Chandra Gupta
260 ## - PUBLICATION, DISTRIBUTION, ETC.
Place of publication, distribution, etc. Bombay
Name of publisher, distributor, etc. Asia Pub. House
Date of publication, distribution, etc. 1963
300 ## - PHYSICAL DESCRIPTION
Extent 338p.
500 ## - GENERAL NOTE
General note Rs.26.00
650 ## - SUBJECT ADDED ENTRY--TOPICAL TERM
Topical term or geographic name entry element Land Tenure - India - UP
Holdings
Withdrawn status Lost status Damaged status Not for loan Permanent Location Current Location Date acquired Full call number Barcode Date last seen Price effective from Koha item type
        Indian Institute of Public Administration Indian Institute of Public Administration 1994-05-11 Y15x5421 G959 34376 2018-07-21 2018-07-21 Book

Powered by Koha